Statistics for Luv Is Rage 2 Tracklist (Lil Uzi Vert)

Click here to take the quiz!

General Stats

  • This quiz has been taken 22 times
  • The average score is 11 of 16

Answer Stats

HintAnswer% Correct
13X
100%
16XO TOUR Llif3
100%
3Sauce It Up
77%
5The Way Life Goes
77%
1Two
77%
10UnFazed
73%
2444+222
68%
8Neon Guts
68%
4No Sleep Leak
68%
7Feelings Mutual
64%
15Dark Queen
59%
9Early 20 Rager
59%
6For Real
59%
12How To Talk
50%
14Malfunction
50%
11Pretty Miami
36%

Score Distribution

Percentile by Number Answered

Percent of People with Each Score

Your Score History

You have not taken this quiz